Vainqueur de la CAN par année - Statistiques

Statistiques générales
  • Ce quiz a été pris 35 fois
  • Le résultat moyen est 11 sur 34
Statistiques - réponses
Hint Réponse % Correct
2023 Côte d'ivoire
75%
2019 Algérie
56%
2006 Egypte
56%
2008 Egypte
50%
2010 Egypte
50%
2000 Cameroun
44%
2017 Cameroun
44%
2013 Nigéria
44%
2021 Sénégal
44%
1959 Egypte
38%
1957 Egypte
38%
2004 Tunisie
38%
1990 Algérie
31%
2002 Cameroun
31%
1992 Côte d'ivoire
31%
2015 Côte d'ivoire
31%
1998 Egypte
31%
1962 Ethiopie
31%
1976 Maroc
31%
1986 Egypte
25%
1982 Ghana
25%
1963 Ghana
25%
1994 Nigéria
25%
1974 Zaïre
25%
2012 Zambie
25%
1996 Afrique du sud
19%
1988 Cameroun
19%
1972 Congo
19%
1965 Ghana
19%
1980 Nigéria
19%
1968 RDC
19%
1970 Soudan
19%
1984 Cameroun
13%
1978 Ghana
13%
Aucun quiz correspondant
Distribution des résultats
% des personnes avec chaque résultat
Percentile par nombre de réponses
Votre historique - résultats
Vous n’avez pas pris ce quiz